Statistics for 2020 U.S. Census: 20 True Or False #1

Click here to take the quiz!

General Stats

  • This quiz has been taken 59 times
    (45 since last reset)
  • The average score is 12 of 20

Answer Stats

QuestionAnswer% Correct
The South grew faster than the West.Fact.
79%
New York City has more people than the 2nd and 3rd most populous U.S. cities combined.Fact.
76%
All states but one gained population.False.
76%
Puerto Rico gained population at a higher rate than the U.S. average.False.
72%
Oklahoma City lost its position as the largest city by land area that is not part of a merged city-county government.Fact.
69%
Springfield, Missouri is more populous than Springfield, Massachusetts, Springfield, Illinois or any other Springfield in the country you can name.Fact.
69%
Columbus is the most populous city ever in Ohio.False.
69%
Texas has more counties with a population over 1 million than any other state.False.
69%
Chicago gained population at a higher rate than the rest of Illinois.Fact.
62%
New York City gained population at a higher rate than the United States did.Fact.
62%
Columbus has a larger population than Ohio's #2 and #3 cities combined.Fact.
62%
Dearborn has grown to be Detroit's largest suburb.False.
62%
Texas has more cities proper with a population over 1 million than any other state.False.
52%
Hawai'i has twice as many people as Alaska.False.
52%
The percentage of the female population increased.False.
45%
Michigan lost population.False.
45%
The area that contains the Las Vegas Strip is part of the most populous "Census Designated Place" (CDP) that is not part of a city.False.
41%
St. Louis has lost a larger percentage of its peak population than Detroit has.False.
41%
Phoenix and Los Angeles both have at least 1 individual suburban city with over half a million people.False.
41%
The next 3 most populous cities after New York City have a combined land area more than 5 times that of NYC.False.
34%

Score Distribution

Percentile by Number Answered

Percent of People with Each Score

Your Score History

You have not taken this quiz since the last reset